Finde die geheime Kategorie #2 - Statistiken

Allgemein
  • Dieses Quiz wurde 757 mal gespielt
  • Das Durchschnittsergebnis liegt bei 7 aus 20
Antwortstatistiken
Hint Antwort % Korrekt
Skandinavische Hauptstadt Stockholm
84%
ehem. deutscher Fußballtorwart, René … Adler
72%
Geheime Kategorie Vogelarten
67%
Fluss; benennt eine der Größten deutschen Metropolregionen Ruhr
57%
Falschmeldung in der Zeitung Ente
54%
ein Sternzeichen Krebs
48%
englischer Name einer italienischen Großstadt Milan
47%
Ehemaliger US-Boxer; Nachname Tyson
46%
deutsche Elektronikmarke Siemens
43%
Ostasiatische Frucht Kiwi
34%
ehemaliger Name Thailands Siam
32%
Geheime Kategorie Krankheiten
26%
deutscher Comic, spielt in Norddeutschland Werner
26%
englische Automarke Jaguar
17%
Geheime Kategorie Katzenarten
17%
ein Fabelwesen (Mischwesen) Sphynx
8%
deutsches Gebäck (Eigenname) Leibniz
7%
Geheime Kategorie Wissenschaftler
5%
80er Jahre Film mit Sean Connery Highlander
3%
Synonym für „kultiviert“ nobel
2%
Keine übereinstimmenden Quizze gefunden
Verteilung der Resultate
Anzahl Personen mit jedem Resultat
Perzentil nach korrekt beantworteten Fragen
Ihre Resultats-Entwicklung
Sie haben dieses Quiz noch nicht gespielt